| 000 | 00378nam a2200145Ia 4500 | ||
|---|---|---|---|
| 008 | 230917s9999||||xx |||||||||||||| ||und|| | ||
| 040 |
_e36560 _aMAIN |
||
| 041 | _aEnglish | ||
| 082 | _a658.4 F229C | ||
| 100 | _aFarmer, Richard N | ||
| 245 | 0 | _aCorporate social responsibility | |
| 260 |
_aChicago _bScience Research Associates _c1973 |
||
| 300 | _avii, 223 p. | ||
| 942 | _cBK | ||
| 999 |
_c205815 _d205815 |
||